000 00266nam a2200097Ia 4500
001 805568
005 20250826171155.0
008 250824s9999 xx 000 0 und d
245 0 _aBENİM ÇİÇEKLERİM ATEŞTE AÇAR
_cAHMED GÜNBAY YILDIZ
260 _bTİMAŞ YAYINLARI
999 _c805568
_d805568